Biblioteca y Centro de Documentación

La negociación colectiva como instrumento para la igualdad laboral entre mujeres y hombres (Registro nro. 15725)

Detalles MARC
000 -CABECERA
Longitud fija campo de control 01551nam a2200373 c 4500
001 - NÚMERO DE CONTROL
Número de control 15725
003 - IDENTIFICADOR DE NÚMERO DE CONTROL
Identificador del número de control ES-MaCES
005 - FECHA Y HORA DE LA ÚLTIMA TRANSACCIÓN
Fecha y hora de la última transacción 20141221122401.0
008 - CAMPO FIJO DE DESCRIPCIÓN FIJA--INFORMACIÓN GENERAL
Códigos de información de longitud fija   031022s2003 sp t 100 | spa d
035 ## - NÚMERO DE CONTROL DEL SISTEMA
Número de control del sistema CES20030014601m
040 ## - FUENTE DE CATALOGACIÓN
Centro catalogador de origen ES-MaCES
Lengua de catalogación spa
Centro transcriptor ES-MaCES
100 1# - ENCABEZAMIENTO PRINCIPAL--NOMBRE PERSONAL
Nombre de persona Bonino Covas, Carla
9 (RLIN) 8044
245 13 - MENCIÓN DE TÍTULO
Título La negociación colectiva como instrumento para la igualdad laboral entre mujeres y hombres
Resto del título : planteamiento metodológico y conclusiones
Mención de responsabilidad, etc. dir. de la investigación, Jorge Aragón Medina ; investigadora principal, Carla Bonino Covas
260 ## - PUBLICACIÓN, DISTRIBUCIÓN, ETC (PIE DE IMPRENTA)
Lugar de publicación, distribución, etc. [Madrid]
Nombre del editor, distribuidor, etc. Fundación 1º de Mayo
Fecha de publicación, distribución, etc. 2003
300 ## - DESCRIPCIÓN FÍSICA
Extensión 32 p.
Dimensiones 30 cm
500 ## - NOTA GENERAL
Nota general Tít. tomado de la cub
500 ## - NOTA GENERAL
Nota general Ponencias presentadas a las Jornadas "Negociación Colectiva y Genero, una Apuesta de Futuro", 27 y 28 de febrero de 2003, Consejo Económico y Social
500 ## - NOTA GENERAL
Nota general Ejemp. fotocopiado
541 ## - NOTA DE LA FUENTE INMEDIANTE DE ADQUISICIÓN
Forma de adquisición Gratuito
650 #4 - ASIENTO SECUNDARIO DE MATERIA--TÉRMINO DE MATERIA
Término de materia o nombre geográfico como elemento inicial mujeres
9 (RLIN) 28657
650 #4 - ASIENTO SECUNDARIO DE MATERIA--TÉRMINO DE MATERIA
Término de materia o nombre geográfico como elemento inicial trabajadora
9 (RLIN) 28413
650 #4 - ASIENTO SECUNDARIO DE MATERIA--TÉRMINO DE MATERIA
Término de materia o nombre geográfico como elemento inicial negociación colectiva
9 (RLIN) 28362
650 #4 - ASIENTO SECUNDARIO DE MATERIA--TÉRMINO DE MATERIA
Término de materia o nombre geográfico como elemento inicial condiciones de trabajo
9 (RLIN) 28327
650 #4 - ASIENTO SECUNDARIO DE MATERIA--TÉRMINO DE MATERIA
Término de materia o nombre geográfico como elemento inicial igualdad de oportunidades en el empleo
9 (RLIN) 30649
650 #4 - ASIENTO SECUNDARIO DE MATERIA--TÉRMINO DE MATERIA
Término de materia o nombre geográfico como elemento inicial discriminación por razones de sexo
9 (RLIN) 29521
650 #4 - ASIENTO SECUNDARIO DE MATERIA--TÉRMINO DE MATERIA
Término de materia o nombre geográfico como elemento inicial conferencia
9 (RLIN) 27013
653 10 - TÉRMINO DE INDEXACIÓN--NO CONTROLADO
Término no controlado Mujer
700 1# - ENCABEZAMIENTO SECUNDARIO--NOMBRE PERSONAL
Nombre de persona Aragón Medina, Jorge
Término indicativo de función dir.
9 (RLIN) 6411
710 2# - ENCABEZAMIENTO SECUNDARIO--NOMBRE CORPORATIVO
Nombre de entidad o nombre de jurisdicción como elemento inicial Fundación 1º de Mayo
Término indicativo de función ed.
9 (RLIN) 3735
711 2# - ENCABEZAMIENTO SECUNDARIO--NOMBRE DE REUNIÓN
Nombre de congreso o nombre de jurisdicción como elemento inicial Jornadas "Negociación Colectiva y Género, una Apuesta de Futuro"
Fecha del congreso 2003
Sede del congreso Madrid
9 (RLIN) 841
902 ## - CES. TIPO DE DOCUMENTO
Tipodoc (006$c Sirtex) DOC Literatura gris
942 ## - ELEMENTOS KOHA
Fuente de clasificaión o esquema Clasificación propia del CES
Koha [por defecto] tipo de item Monografías
Parte de clasificación 3.3.
Existencias
Número de registro Signatura completa Tipo de item de Koha
054130 DOC-3.3.-362 Monografías
© CES, Consejo Económico y Social de España 2021